GLIMPSES OF ISLAM (Record no. 64974)

MARC details
000 -LEADER
fixed length control field 00256nam a22001097a 4500
082 ## - DEWEY DECIMAL CLASSIFICATION NUMBER
Classification number 297
-- KHA
100 ## - MAIN ENTRY--AUTHOR NAME
Personal name Aga Khan
-- Aga Khan
-- Dr.ZAKI ALI
245 ## - TITLE STATEMENT
Title GLIMPSES OF ISLAM
260 ## - PUBLICATION, DISTRIBUTION, ETC. (IMPRINT)
Place of publication Lahore
Name of publisher Kashmiri Bazar Lahore Pakistan
300 ## - PHYSICAL DESCRIPTION
Number of Pages 83p
942 ## - ADDED ENTRY ELEMENTS (KOHA)
Koha item type Books
Holdings
Withdrawn status Lost status Collection code Home library Current library Date acquired Full call number Accession Number Koha item type
    Reference Reference Section Reference Section 03/07/2019 297 (Shelf - 18B) R9552 Books